Southville International School and Colleges
Your cart is empty.
  • Cart
  • Lists
    Public lists Eva Luna New books Lux_list list_1
    Your lists Log in to create your own lists
  • Log in to your account
  • Your cookies
  • Search history
Southville International School and Colleges
  • Advanced search
  • Recent comments
  • Most popular
  • Libraries

Log in to your account

Log in with GOOGLE


If you do not have an external account, but do have a local account, you can still log in:

  1. Home
  2. MARC view: The good-bye book /
Normal view MARC view ISBD view

The good-bye book / (Record no. 103974)

[ view plain ]
MARC details
000 -LEADER
fixed length control field 00652nam a2200181 a 4500
005 - DATE AND TIME OF LATEST TRANSACTION
control field 20140412111311.0
008 - FIXED-LENGTH DATA ELEMENTS--GENERAL INFORMATION
fixed length control field 010425s19uu xx 00 eng d
020 ## - INTERNATIONAL STANDARD BOOK NUMBER
International Standard Book Number 0-689-71581-1
050 ## - LIBRARY OF CONGRESS CALL NUMBER
Classification number ER
Item number Go59 1992
100 ## - MAIN ENTRY--PERSONAL NAME
Personal name Viorst, Judith
245 ## - TITLE STATEMENT
Title The good-bye book /
Statement of responsibility, etc by Judith Viorst; illustrated by Kay Chorao.
260 ## - PUBLICATION, DISTRIBUTION, ETC. (IMPRINT)
Place of publication, distribution, etc New York :
Name of publisher, distributor, etc Aladdin Books,
Date of publication, distribution, etc 1992.
300 ## - PHYSICAL DESCRIPTION
Extent 1v. (unp.) ; ill.
520 ## - SUMMARY, ETC.
Summary, etc A child, on the verge of being left behind by parents who are going out for the evening comes up with a variety of pleas and excuses.
650 ## - SUBJECT ADDED ENTRY--TOPICAL TERM
Topical term or geographic name as entry element Separation anxiety-Fiction
650 ## - SUBJECT ADDED ENTRY--TOPICAL TERM
Topical term or geographic name as entry element Parent and child-Fiction
Holdings
Withdrawn status Lost status Damaged status Home library Current library Shelving location Date acquired Source of acquisition Cost, normal purchase price Total Checkouts Full call number Barcode Date last seen Price effective from Koha item type
      Elizalde Library Elizalde Library Easy Reading Section 04/25/2001   119.50   ER Go59 1992 E6197 04/12/2014 04/12/2014 Books

The good-bye book /

APA

Viorst J., . (1992). The good-bye book. New York: Aladdin Books.

Chicago

Viorst Judith, . 1992. The good-bye book. New York: Aladdin Books.

Harvard

Viorst J., . (1992). The good-bye book. New York: Aladdin Books.

MLA

Viorst Judith, . The good-bye book. New York: Aladdin Books. 1992.

  • Place hold
  • Print
  • Cite
  • Add to your cart (remove)
  • Save record
    BIBTEX Dublin Core MARCXML MARC (non-Unicode/MARC-8) MARC (Unicode/UTF-8) MARC (Unicode/UTF-8, Standard) MODS (XML) RIS
  • More searches
    Search for this title in:
    Other Libraries (WorldCat) Other Databases (Google Scholar) Online Stores (Bookfinder.com) Open Library (openlibrary.org)

Exporting to Dublin Core...

SOUTHVILLE LIBRARY

Southville International School and Colleges Library

1281 Tropical Ave. Cor. Luxembourg St., BF Homes International, Las Pinas City

Tel. No. 8256374 / 252358 Loc. 117/146

Powered by Koha